00921cam a2200265 a 450000100060000000300080000600500170001400800410003102000150007203500190008704000210010604100080012708200300013510000270016524500820019226000620027430000580033650000310039450400200042560000320044565000390047765000410051665100490055765100490060625600BD-RjUL20211209050912.0140318r19861985enkafh 001 0aeng c a0340382961 a(BD-RjUL)25670 aMHcMHdDLCbeng aeng00a941.0820924219bCOF 19861 aColville, John Rupert,14aThe fringes of power :bDowning Street diaries, (1939-1955) /cJohn Colville. aLondon :bHodder and Stoughton,cc1985 [impression 1986]. a796 p., [12] p. of plates :bill., facsims. ;c24 cm. aFacsims. on lining papers. aIncludes index.10aColville, John Rupert,cSir 0aDiplomatszGreat BritainvDiaries. 0aWorld War, 1939-1945zGreat Britain. 0aGreat BritainxForeign relationsy1936-1945. 0aGreat BritainxForeign relationsy1945-1964.